000 00330nam a2200157Ia 4500
003 IT-RoPAU
008 120407s9999 xx 000 0 und d
040 _aIT-RoPAU
040 _cIT-RoPAU
100 _aThomas B. Bottomore
245 _aSociologia
250 _aBologna
260 _aIl Mulino
300 _c cm
942 _cBK
999 _c6907
_d6907